| 000 | 00763nam a22002897a 4500 | ||
|---|---|---|---|
| 005 | 20170330184350.0 | ||
| 008 | 170330b xxu||||| |||| 00| 0 spa d | ||
| 020 | _a9789682480102 | ||
| 041 | _aeng | ||
| 082 | _a3.27 Z25t2 | ||
| 100 |
_aZamora Casal, Francisco _941788 |
||
| 245 | _aTurismo Alternativo | ||
| 260 | _aMéxico | ||
| 260 | _bTrillas | ||
| 260 | _c2007 | ||
| 300 | _a363 páginas | ||
| 650 |
_aTURISMO SOSTENIBLE _99369 |
||
| 650 |
_aTURISMO ALTERNATIVO _96704 |
||
| 650 |
_aANIMACIÓN TURÍSTICA _91521 |
||
| 650 |
_aECOTURISMO _9923 |
||
| 650 |
_aTURISMO RURAL _91917 |
||
| 650 |
_aTURISMO RECREATIVO _96700 |
||
| 650 |
_aBIODIVERSIDAD _91061 |
||
| 650 |
_aTURISMO DE AVENTURA _911938 |
||
| 650 |
_aPLANIFICACIÓN _924 |
||
| 942 | _cBK | ||
| 999 |
_c9189 _d9189 |
||